000 01008nam2a2200253 4500
001 rc\2653904
005 20260315043223.0
035 _a(NLR Aleph) 006961232
090 _a13563879
_c13563879
100 _a20110615d1928 u y0rusy50 ca
101 0 _arus
102 _aRU
105 _aa z |||||
200 1 _aКожаный чулок
_hКн. 5
_iПрерия
_fС предисл. С. Динамова
210 _d1928
215 _a268 с.
_cил.
461 0 _1001rc\2653897
_12001#$aПолное собрание романов$fПод ред. Н. Могучего$vТ. 7
_1700#1$aКупер$bФ.$gФенимор$f1789-1851
_95346454
_aКупер, Ф. (1789-1851)
_cМосква
_d1927-1928
_fПод ред. Н. Могучего
_nЗемля и фабрика
_oТ. I -
_tПолное собрание романов
_vТ. 7
702 1 _aДинамов
_bС.С.
_4080
801 0 _aRU
_bNLR
_gpsbo
801 1 _aRU
_bELAR
_2rusmarc
852 _aNLR
_j44/515(7)
942 _cUNSPEC
980 _aNB